[Event "38th ECC Open 2023"]
[Site "Durres ALB"]
[Date "2023.10.07"]
[Round "7.13"]
[White "Andonovski, Ljubisa"]
[Black "Jashari, Ardian"]
[Result "1-0"]
[WhiteElo "2268"]
[BlackElo "2087"]
[EventDate "2022.10.01"]
[Board "6"]

1. d4 Nf6 2. c4 e6 3. Nf3 d5 4. Nc3 Be7 5. Bg5 b6 6. e3 Bb7 7. Bxf6 Bxf6 8.
cxd5 exd5 9. b4 O-O 10. Qb3 c6 11. Rd1 Qd6 12. Be2 Nd7 13. O-O Rfe8 14.
Rfe1 a6 15. a4 Be7 16. Rb1 f5 17. a5 b5 18. Bd3 g6 19. Ne2 Bf8 20. Nf4 Bg7
21. Bf1 Bf8 22. Nd3 Bg7 23. Rec1 Re6 24. Qd1 Qe7 25. Rc2 Re8 26. Rbc1 g5
27. g3 Bf6 28. Bg2 Qf7 29. Nfe5 Bxe5 30. dxe5 g4 31. h4 gxh3 32. Bxh3 Rh6
33. Bg2 Nxe5 34. Nxe5 Rxe5 35. Qd4 Rhe6 36. Bf3 Qe7 37. Kg2 Rh6 38. Rh1
Ree6 39. Rcc1 Qd6 40. Rh4 Rxh4 41. Qxh4 Rf6 42. Rh1 h6 43. Qd4 Kf7 44. Rc1
Kg8 45. Rc3 Rf7 46. Rc1 Rf6 47. Kf1 Kf8 48. Ke2 Ke8 49. Rh1 Bc8 50. Kd2 Kd8
51. Kc3 Ke7 52. Rh4 Rg6 53. Qa7+ Qd7 54. Qb8 Rd6 55. Kd4 Kd8 56. Kc5 Rf6
57. Qb6+ Ke7 58. Kd4 Kf7 59. Kd3 Qe7 60. Bh5+ Kg7 61. Qd4 Kh7 62. Rf4 Re6
63. Bf3 Rg6 64. Kc3 Kg8 65. Be2 Rg7 66. Bd3 Rf7 67. Qb6 Qe5+ 68. Rd4 Qd6
69. Kd2 Kg7 70. Rf4 Qf6 71. Rd4 Qd6 72. Rf4 Qf6 73. Qb8 Qe6 74. Rh4 Rf8 75.
Qb6 Qd6 76. Qd4+ Qf6 77. Kc3 Qxd4+ 78. Kxd4 Rf6 79. Kc5 Kf7 80. Kb6 Ke7 81.
Kc7 Bd7 82. Rh5 c5 83. bxc5 Rc6+ 84. Kb7 Rxc5 85. Kxa6 b4 86. Rxh6 Rc3 87.
Bb5 Be6 88. Rh4 b3 89. Rb4 d4 90. exd4 Bd5 91. Kb6 Kd6 92. a6 Rc1 93. a7
Ra1 94. Ba6 1-0